000 00706nam a22001817a 4500
003 UA-OsUOA
001 15639
007 ta
008 20031130b un ||||| |||| 00| 0 ukr d
100 _aСадко В.
942 _cSA
040 _aUA-OsUOA
_cUA-OsUOA
_dUA-OsUOA
245 _aДарунок місту до Дня незалежності від групи компаній "Літа"
_b[На мікрорайоні "Ювілейний" у Рівному відкрився новий торг. центр "Літа"]
300 _aС.5
955 _a0
773 0 _w0
_tПанорама
_dРівне
_d2003
_g№35/29 серп./
650 7 _aКраєзнавча робота
_2UDC
999 _c301804
_d301804